Cosmic light audio magazine (2) February 2006 : (Record no. 27890)
[ view plain ]
| 000 -LEADER | |
|---|---|
| fixed length control field | 00666nam a2200169 4500 |
| 008 - FIXED-LENGTH DATA ELEMENTS--GENERAL INFORMATION | |
| fixed length control field | 061016s2006 ch chi |
| 020 ## - INTERNATIONAL STANDARD BOOK NUMBER | |
| International Standard Book Number | TWA810600002% |
| 090 ## - LOCALLY ASSIGNED LC-TYPE CALL NUMBER (OCLC); LOCAL CALL NUMBER (OCLC) | |
| Classification number (OCLC) (R) ; Classification number, CALL (RLIN) (NR) | BV3750.C5 |
| Local cutter number (OCLC) ; Book number/undivided call number, CALL (RLIN) | C82 |
| -- | 2006 |
| 245 10 - TITLE STATEMENT | |
| Title | Cosmic light audio magazine (2) February 2006 : |
| Remainder of title | no. 69 [sound recording] {ch} |
| 260 ## - PUBLICATION, DISTRIBUTION, ETC. (IMPRINT) | |
| Place of publication, distribution, etc | Taipei : |
| Name of publisher, distributor, etc | Cosmic Light, |
| Date of publication, distribution, etc | 2006. |
| 300 ## - PHYSICAL DESCRIPTION | |
| Extent | 1 sound disc (66 min., 07 sec.) : |
| Other physical details | digital ;4 3/4 in. |
| 500 ## - GENERAL NOTE | |
| General note | compact disc accompanying the magazine subscription. |
| 505 0# - FORMATTED CONTENTS NOTE | |
| Formatted contents note | Audio Christian magazine |
| 650 #4 - SUBJECT ADDED ENTRY--TOPICAL TERM | |
| Topical term or geographic name as entry element | Christianity |
| General subdivision | Periodicals {ch}. |
| 700 1# - ADDED ENTRY--PERSONAL NAME | |
| Personal name | Jin, Ming Wei, narrator |
| 951 ## - EQUIVALENCE OR CROSS-REFERENCE-GEOGRAPHIC NAME/AREA NAME [OBSOLETE] [CAN/MARC only] | |
| -- | R-340 |
| -- | BV3750.C5/C82/2006-II-2 |
| -- | 070613111616859 |
| -- | 2000-12-21 |
| -- | CD |
| Withdrawn status | Lost status | Damaged status | Not for loan | Home library | Current library | Shelving location | Date acquired | Accession number | Shelving control number | Total Checkouts | Full call number | Date last seen | Price effective from | Koha item type |
|---|---|---|---|---|---|---|---|---|---|---|---|---|---|---|
| BSOP Library | BSOP Library | 12/21/2000 | R-340 | 127 | BV3750.C5/C82/2006-II-2 | 02/23/2013 | 02/23/2013 | Books |
